| 000 | 00751nam a2200229 a 4500 | ||
|---|---|---|---|
| 001 | BRCA_8393 | ||
| 005 | 20190320210248.0 | ||
| 008 | 200115s2014----u--a######---#000-0#eng-# | ||
| 020 | _a9789627956907 | ||
| 041 | _aeng | ||
| 044 | _au | ||
| 050 | 4 |
_aNK4565 _b.J64 2014 |
|
| 100 | 1 |
_aJohnston, John _921017 |
|
| 245 | 1 | 0 |
_aChinese ceramics _bthe Lenora and Walter F. Brown collection at the San Antonio Museum of Art _cJohn Johnston. |
| 260 |
_aSan Antonio, Texas _bSan Antonio Museum of Art _c2014 |
||
| 300 |
_a177 p. _bil. a color _c31 cm. |
||
| 500 | _aIncluye índice alfabético | ||
| 504 | _aBibliografía: p. 157-163 | ||
| 650 | 1 | 4 |
_aCerámica china _97212 |
| 710 | 2 |
_aSan Antonio Museum of Art (San Antonio, Texas) _921018 |
|
| 942 |
_2lcc _cB |
||
| 999 |
_c8061 _d8061 |
||